000 00665nam a2200241Ia 4500
003 OSt
005 20221007082428.0
006 a|||||r|||| 00| 0
007 ta
008 221006b |||||||| |||| 00| 0 eng d
024 _a25,518
037 _cReports / Technical Reports
040 _aFLL
_cFLL
_beng
041 _2eng
_aeng
082 _aV2:9lsN78, L8
110 _aElection commission of India
_9557202
245 0 _aBye-elections brochure in Hindi
260 _c1978
300 _aix,81p
_ccm.
700 _aElection commission of India
_9557203
942 _hV2:9lsN78, L8
_cREP
_2CC
999 _c1166395
_d1166395